Funcionamiento y organización institucional del turismo (Registro nro. 5274)
[ vista simple ]
| 000 -CABECERA | |
|---|---|
| campo de control de longitud fija | 00729aam a2200241 4500 |
| 005 - FECHA Y HORA DE ACTUALIZACIÓN | |
| campo de control | 20170127150413.0 |
| 008 - LONGITUD FIJA | |
| campo de control de longitud fija | 150508b xxu||||| |||| 00| 0 spa d |
| 041 ## - IDIOMA | |
| Código de idioma del texto/pista de sonido o título separado | |
| 082 ## - CLASIFICACIÓN DECIMAL DEWEY | |
| Número de clasificación | 1.0.1 A173f |
| 100 ## - AUTOR PERSONAL | |
| Nombre de persona | Acerenza, Miguel Angel |
| 245 ## - TÍTULO PROPIAMENTE DICHO | |
| Título | Funcionamiento y organización institucional del turismo |
| 260 ## - PIE DE IMPRENTA | |
| Lugar de publicación, distribución, etc. | México |
| Nombre del editor, distribuidor, etc. | Trillas |
| Fecha de publicación, distribución, etc. | 2006 |
| 300 ## - DESCRIPCIÓN FÍSICA | |
| Extensión | 108 páginas |
| 650 ## - Materia General | |
| Materia general | TURISMO |
| 650 ## - Materia General | |
| Materia general | ADMINISTRACIÓN TURÍSTICA |
| 650 ## - Materia General | |
| Materia general | VIAJE DEL TURISTA |
| 650 ## - Materia General | |
| Materia general | SISTEMA TURÍSTICO |
| 650 ## - Materia General | |
| Materia general | ORGANIZACIÓN INSTITUCIONAL |
| 650 ## - Materia General | |
| Materia general | ESTRUCTURA ORGANIZACIONAL |
| 650 ## - Materia General | |
| Materia general | GESTIÓN DEL TURISMO |
| 650 ## - Materia General | |
| Materia general | FINANCIAMIENTO |
| 942 ## - Punto de Acceso Adicional Koha | |
| Tipo de ítem Koha | Libro |
| Estado perdido | Estado dañado | No para préstamo | Biblioteca permanente | Biblioteca actual | Signatura completa | Código de barras | Precio efectivo a partir del | Tipo de ítem |
|---|---|---|---|---|---|---|---|---|
| Departamento de Biblioteca y Documentación Alfonso Chase Brenes | Departamento de Biblioteca y Documentación Alfonso Chase Brenes | 1.0.1 A173f | 14293 | 27/01/2017 | Libro |